[Event "9. Longericher Sommer-Open"]
[Site "9. Longericher Sommer-Open"]
[Date "2012.08.05"]
[Round "3.24"]
[White "Fieberg, Samuel"]
[Black "Heyn, Peter"]
[Result "1/2-1/2"]
[WhiteElo "1745"]
[BlackElo "1870"]
[PlyCount "74"]
[EventDate "2012.??.??"]
[WhiteTeam "SG Porz e.V."]
[BlackTeam "Düsseldorfer SV 1854"]

1. e4 e6 2. Nf3 d5 3. Nc3 Nf6 4. e5 Nfd7 5. d4 c5 6. Bg5 Qa5 7. Bd2 cxd4 8. Nb5
Qb6 9. Bf4 Nc6 10. Nbxd4 Bc5 11. c3 a6 12. Qd2 Nxd4 13. Nxd4 Qc7 14. Nf3 b5 15.
Bd3 Bb7 16. O-O h6 17. Rfe1 Be7 18. Nd4 Nc5 19. Bc2 g5 20. Bg3 Ne4 21. Qe2 h5
22. f3 Nc5 23. Bf2 O-O-O 24. b4 Nd7 25. a4 bxa4 26. Bd3 Nb6 27. Bxa6 Bxa6 28.
Qxa6+ Qb7 29. Qb5 Kc7 30. Nc2 Ra8 31. Na3 Rhc8 32. Red1 Ra6 33. Kf1 Kb8 34. Bd4
Nc4 35. Qxb7+ Kxb7 36. Nxc4 Rxc4 37. Ke2 Kc6 1/2-1/2

[Event "9. Longericher Sommer-Open"]
[Site "9. Longericher Sommer-Open"]
[Date "2012.08.05"]
[Round "3.25"]
[White "Boschek, Hans-Joachim"]
[Black "Liebsch, Felix"]
[Result "1-0"]
[WhiteElo "1867"]
[BlackElo "1729"]
[PlyCount "57"]
[EventDate "2012.??.??"]
[WhiteTeam "SV 1922 Hilden"]
[BlackTeam "SC Bayer Leverkusen e.V."]

1. g3 f5 2. Bg2 Nf6 3. d3 e5 4. Nd2 Bc5 5. e3 O-O 6. Ne2 Qe8 7. c3 e4 8. d4 Bb6
9. c4 d5 10. O-O c5 11. dxc5 Bxc5 12. cxd5 Nxd5 13. Nb3 Qc6 14. Nxc5 Qxc5 15.
Bd2 b6 16. Rc1 Qe7 17. Qb3 Qf7 18. Nd4 Ba6 19. Rfd1 Nd7 20. Bb4 Nxb4 21. Qxb4
Nc5 22. Qa3 Bd3 23. b4 Ne6 24. Rxd3 exd3 25. Bd5 Rfe8 26. Qb3 Rac8 27. Rxc8
Rxc8 28. Bxe6 Rc1+ 29. Kg2 1-0

[Event "9. Longericher Sommer-Open"]
[Site "9. Longericher Sommer-Open"]
[Date "2012.08.05"]
[Round "3.26"]
[White "Jordans, Ralph"]
[Black "Fieberg, Christoph"]
[Result "1-0"]
[WhiteElo "1865"]
[BlackElo "1765"]
[PlyCount "121"]
[EventDate "2012.??.??"]
[WhiteTeam "Ford-SF Köln e.V."]
[BlackTeam "SG Porz e.V."]

1. c4 e5 2. Nc3 Nf6 3. g3 c6 4. Nf3 e4 5. Nd4 Bc5 6. Nb3 Bb4 7. Bg2 d5 8. cxd5
cxd5 9. a3 Be7 10. O-O O-O 11. d3 Bf5 12. Nd4 Bg6 13. Bf4 Nc6 14. Nxc6 bxc6 15.
dxe4 d4 16. Na4 Bxe4 17. Bxe4 Nxe4 18. Rc1 Qd5 19. f3 Ng5 20. Bxg5 Bxg5 21. Rc5
Be3+ 22. Kg2 Qe6 23. Qd3 f5 24. f4 Rae8 25. b4 Rf6 26. Re5 Qf7 27. Rxe8+ Qxe8
28. Qc4+ Kh8 29. Nc5 Rh6 30. Qa6 Qg8 31. h4 Rg6 32. Rf3 h5 33. Nd3 Qa2 34. Ne5
Rf6 35. Qd3 Qd5 36. Kh2 a5 37. bxa5 Qxa5 38. Nc4 Qc5 39. Nxe3 dxe3 40. Qxe3
Qxe3 41. Rxe3 Kg8 42. Kg2 Kf7 43. Kf3 g6 44. Rc3 Rd6 45. e4 fxe4+ 46. Kxe4 Ke6
47. Rd3 Rxd3 48. Kxd3 Kd5 49. a4 Kc5 50. Kc3 Kd5 51. Kb4 Kd4 52. a5 c5+ 53. Ka3
Kd5 54. Kb3 c4+ 55. Kc3 Ke4 56. a6 Kf3 57. a7 Kxg3 58. a8=Q Kxf4 59. Qh1 g5 60.
hxg5 Kxg5 61. Qh3 1-0

[Event "9. Longericher Sommer-Open"]
[Site "9. Longericher Sommer-Open"]
[Date "2012.08.05"]
[Round "3.27"]
[White "Arlt, Klaus"]
[Black "Runte, Dirk"]
[Result "1-0"]
[WhiteElo "1954"]
[BlackElo "1639"]
[PlyCount "69"]
[EventDate "2012.??.??"]
[WhiteTeam "SF Köln-Mülheim e.V."]
[BlackTeam "SV Fideler Bauer Lever"]

1. c4 Nf6 2. Nc3 g6 3. d4 Bg7 4. Nf3 d6 5. Bg5 h6 6. Bh4 O-O 7. e3 Nc6 8. Be2
e5 9. O-O exd4 10. exd4 Ne7 11. Re1 Nf5 12. Bxf6 Bxf6 13. Nd5 Be6 14. Nxf6+
Qxf6 15. Qd2 Kg7 16. b4 Nh4 17. Nxh4 Qxh4 18. Bf3 Bxc4 19. d5 b5 20. a4 a6 21.
Re3 Rae8 22. Rae1 Qd8 23. Qd4+ Kh7 24. a5 Rxe3 25. Qxe3 Kg7 26. Qe7 Qxe7 27.
Rxe7 Rc8 28. Bg4 Kf8 29. Rxf7+ Kxf7 30. Bxc8 Bxd5 31. Bxa6 Bc6 32. Bc8 Ke7 33.
a6 Kd8 34. Bb7 Kd7 35. f4 1-0

[Event "9. Longericher Sommer-Open"]
[Site "9. Longericher Sommer-Open"]
[Date "2012.08.05"]
[Round "4.1"]
[White "Rotstein, Jefim"]
[Black "Mladenov, Svetlin"]
[Result "1/2-1/2"]
[WhiteElo "2267"]
[BlackElo "2352"]
[PlyCount "84"]
[EventDate "2012.??.??"]
[WhiteTeam "Ford-SF Köln e.V."]
[BlackTeam "SV Wattenscheid 1930"]

1. d4 Nf6 2. Nf3 g6 3. g3 Bg7 4. Bg2 O-O 5. O-O d6 6. Nc3 Nbd7 7. e4 e5 8. dxe5
dxe5 9. b3 b6 10. a4 Bb7 11. Nd2 Re8 12. a5 Nc5 13. Bb2 Bh6 14. Nc4 Nfxe4 15.
Nxe4 Bxe4 16. Bxe4 Nxe4 17. axb6 axb6 18. Nxe5 Bg7 19. f4 Qd2 20. Qxd2 Nxd2 21.
Rxa8 Rxa8 22. Rd1 Bxe5 23. Bxe5 Nf3+ 24. Kf2 Nxe5 25. fxe5 Ra2 26. Rd2 Kf8 27.
Ke3 Ke7 28. Ke4 c6 29. Rf2 h5 30. Kd4 Ra1 31. Rf6 Rd1+ 32. Ke3 Re1+ 33. Kf2
Rxe5 34. Rxc6 b5 35. Kf3 Kd7 36. Rf6 Rc5 37. Rxf7+ Ke6 38. Rb7 Rxc2 39. Rb6+
Kf7 40. Kf4 Rxh2 41. Rxb5 Rf2+ 42. Kg5 Rf3 1/2-1/2

[Event "9. Longericher Sommer-Open"]
[Site "9. Longericher Sommer-Open"]
[Date "2012.08.05"]
[Round "4.2"]
[White "Harff, Marcel"]
[Black "Pieper, Dawid"]
[Result "1/2-1/2"]
[WhiteElo "2205"]
[BlackElo "2124"]
[PlyCount "41"]
[EventDate "2012.??.??"]
[WhiteTeam "SG Hochneukirch"]
[BlackTeam "SVigung 1920 Plettenbe"]

1. Nf3 f5 2. g3 Nf6 3. Bg2 e6 4. O-O Be7 5. c4 O-O 6. Nc3 d6 7. d4 Ne4 8. Qc2
Nxc3 9. Qxc3 a5 10. Qd3 Nc6 11. a3 e5 12. dxe5 dxe5 13. Qd5+ Kh8 14. Rd1 Be6
15. Qxd8 Raxd8 16. Bg5 Bxg5 17. Nxg5 Bxc4 18. Rxd8 Rxd8 19. Rc1 Bg8 20. Bxc6
bxc6 21. Nf3 1/2-1/2

[Event "9. Longericher Sommer-Open"]
[Site "9. Longericher Sommer-Open"]
[Date "2012.08.05"]
[Round "4.3"]
[White "Heedt, Thorsten"]
[Black "Neubauer, Jürgen"]
[Result "1/2-1/2"]
[WhiteElo "2096"]
[BlackElo "2119"]
[PlyCount "228"]
[EventDate "2012.??.??"]
[WhiteTeam "SG Porz e.V."]
[BlackTeam "SK Turm Euskirchen 65"]

1. c4 e6 2. g3 f5 3. Bg2 Nf6 4. Nc3 Be7 5. e4 fxe4 6. Nxe4 O-O 7. Nxf6+ Bxf6 8.
Ne2 Nc6 9. d4 d5 10. Be3 Ne7 11. O-O c6 12. Qb3 Qb6 13. Qc2 Nf5 14. c5 Nxe3 15.
fxe3 Qc7 16. e4 Bd7 17. e5 Bg5 18. h4 Be3+ 19. Kh2 Qa5 20. b4 Qb5 21. Qb3 Bd2
22. Nf4 Qc4 23. Qxc4 dxc4 24. b5 c3 25. Rfd1 Rf7 26. Rxd2 cxd2 27. Rd1 Re7 28.
Rxd2 Be8 29. Bh3 Bf7 30. a4 Rd8 31. Kg1 h6 32. h5 Kh7 33. Kf2 Rde8 34. Ke3 g5
35. hxg6+ Bxg6 36. Bg2 Rc8 37. Rb2 Bf5 38. a5 Rcc7 39. a6 bxa6 40. b6 axb6 41.
cxb6 Rc8 42. b7 Rb8 43. Bxc6 Rc7 44. Rb6 a5 45. d5 exd5 46. Nxd5 Rxc6 47. Rxc6
Rxb7 48. e6 Kg7 49. e7 Bd7 50. Rd6 Be8 51. Rd8 Kf7 52. Ra8 a4 53. Kd4 Rb3 54.
Nc7 Kxe7 55. Nxe8 Rxg3 56. Nc7 Kd6 57. Nb5+ Kc6 58. Kc4 a3 59. Ra6+ Kb7 60.
Rxh6 a2 61. Rh7+ Kb8 62. Rh8+ Kb7 63. Rh1 Kb6 64. Nc3 Rg4+ 65. Kb3 Rg3 66. Kb2
Rg2+ 67. Ka1 Kc5 68. Nxa2 Kc4 69. Rc1+ Kb3 70. Rc3+ Ka4 71. Rd3 Kb5 72. Rc3 Ka4
73. Kb1 Rg1+ 74. Nc1 Kb4 75. Re3 Kc4 76. Kc2 Rg2+ 77. Ne2 Rh2 78. Kd2 Kd5 79.
Kd3 Rh1 80. Nf4+ Kc5 81. Re5+ Kb4 82. Re4+ Kc5 83. Rc4+ Kb5 84. Rc8 Rd1+ 85.
Ke4 Re1+ 86. Kd4 Rd1+ 87. Nd3 Rh1 88. Rb8+ Kc6 89. Ne5+ Kc7 90. Rb3 Rh4+ 91.
Kd5 Rh5 92. Rc3+ Kb6 93. Rc6+ Kb5 94. Rc8 Kb4 95. Rb8+ Kc3 96. Ke4 Rh4+ 97. Ke3
Rh7 98. Rc8+ Kb4 99. Kd3 Rh3+ 100. Kd4 Rh4+ 101. Kd5 Rh5 102. Rc6 Kb3 103. Rc7
Kb4 104. Kd4 Rh4+ 105. Ke3 Rh3+ 106. Nf3 Kb5 107. Rc2 Kb4 108. Ke4 Kb5 109.
Nd4+ Kb6 110. Kd5 Rh5+ 111. Kd6 Rh6+ 112. Ne6 Kb5 113. Kd5 Rh5+ 114. Ke4 Rh4+
1/2-1/2

[Event "9. Longericher Sommer-Open"]
[Site "9. Longericher Sommer-Open"]
[Date "2012.08.05"]
[Round "4.4"]
[White "Mass, Elvira"]
[Black "Niesel, Matthias P"]
[Result "0-1"]
[WhiteElo "1947"]
[BlackElo "2088"]
[PlyCount "74"]
[EventDate "2012.??.??"]
[WhiteTeam "SG Porz e.V."]

1. Nf3 c5 2. e4 Nc6 3. d3 g6 4. g3 Bg7 5. Bg2 d6 6. O-O Nf6 7. a4 O-O 8. Nc3
Rb8 9. Bd2 a6 10. Qc1 b5 11. axb5 axb5 12. Bh6 Nd4 13. Bxg7 Kxg7 14. Nxd4 cxd4
15. Ne2 e5 16. c3 dxc3 17. bxc3 Qb6 18. Qb2 Be6 19. Rfb1 Nd7 20. d4 Bc4 21. Bf1
f5 22. Bh3 Rf7 23. exf5 gxf5 24. Qd2 Kh8 25. Re1 Rg8 26. dxe5 dxe5 27. Qe3 Qxe3
28. fxe3 Nc5 29. Bg2 Rd8 30. Nc1 Rd2 31. Bf1 Rc2 32. Bxc4 bxc4 33. Ra8+ Kg7 34.
Ne2 Nd3 35. Kf1 Nxe1 36. Kxe1 Rb7 37. Kd1 Rbb2 0-1

[Event "9. Longericher Sommer-Open"]
[Site "9. Longericher Sommer-Open"]
[Date "2012.08.05"]
[Round "4.5"]
[White "Hack, Thomas"]
[Black "Hobusch, Jan"]
[Result "1/2-1/2"]
[WhiteElo "1942"]
[BlackElo "2042"]
[PlyCount "47"]
[EventDate "2012.??.??"]
[WhiteTeam "SK Turm Euskirchen 65"]
[BlackTeam "SG Bochum 1931"]

1. d4 d5 2. Nf3 Nf6 3. Bg5 Ne4 4. Bf4 c5 5. e3 Nc6 6. c3 Bf5 7. Nbd2 e6 8. Qb3
Qc8 9. Nxe4 Bxe4 10. Be2 Be7 11. O-O O-O 12. Qd1 a6 13. Bd3 Bxd3 14. Qxd3 Qd7
15. Rad1 cxd4 16. exd4 Rac8 17. Rfe1 Bf6 18. Bg5 Qe7 19. Bxf6 Qxf6 20. Ne5 Nxe5
21. Rxe5 Rc6 22. Rd2 Qg6 23. Qxg6 hxg6 24. f4 1/2-1/2

[Event "9. Longericher Sommer-Open"]
[Site "9. Longericher Sommer-Open"]
[Date "2012.08.05"]
[Round "4.6"]
[White "Jiritschka, Wolfgang"]
[Black "Begri, Robert"]
[Result "1/2-1/2"]
[WhiteElo "1865"]
[BlackElo "2031"]
[PlyCount "31"]
[EventDate "2012.??.??"]
[WhiteTeam "SC Bayer Leverkusen e.V."]
[BlackTeam "Tischtennisclub Grün-Weiß Fritzd"]

1. c4 Nf6 2. Nc3 e5 3. g3 Bb4 4. Bg2 O-O 5. e4 Nc6 6. Nge2 d6 7. a3 Bc5 8. O-O
Be6 9. d3 Qd7 10. Nd5 Bxd5 11. cxd5 Nd4 12. Be3 Nxe2+ 13. Qxe2 Bxe3 14. Qxe3 c5
15. dxc6 bxc6 16. d4 1/2-1/2

[Event "9. Longericher Sommer-Open"]
[Site "9. Longericher Sommer-Open"]
[Date "2012.08.05"]
[Round "4.7"]
[White "Dijkhuis, Tycho"]
[Black "Weinmann-Musset, Manfred"]
[Result "1/2-1/2"]
[WhiteElo "2006"]
[BlackElo "1812"]
[PlyCount "115"]
[EventDate "2012.??.??"]
[WhiteTeam "Schaakclub Utrecht"]
[BlackTeam "Ford-SF Köln e.V."]

1. e4 c5 2. Nf3 d6 3. d4 cxd4 4. Nxd4 Nf6 5. Nc3 a6 6. Be3 Ng4 7. Bg5 h6 8. Bh4
g5 9. Bg3 Bg7 10. h3 Ne5 11. Nf5 Bxf5 12. exf5 Nbd7 13. Be2 Rc8 14. O-O b5 15.
Nd5 O-O 16. Re1 Nb6 17. c3 Rc5 18. Nxb6 Qxb6 19. Kh1 Qb7 20. f4 Nc4 21. Bxc4
bxc4 22. fxg5 hxg5 23. Qc2 Rb8 24. Re2 Rb5 25. Rb1 Bf6 26. Rf2 Kg7 27. Qd2 Qe4
28. Rbf1 Rxb2 29. Qxb2 Rxb2 30. Rxb2 Bxc3 31. Rbb1 Qd3 32. Bh2 Bd2 33. Rbd1 Qe2
34. f6+ exf6 35. Bxd6 c3 36. Ba3 c2 37. Ra1 Kg6 38. Bb2 f5 39. Rg1 g4 40. a4 a5
41. Raf1 Qe4 42. Bc1 Bxc1 43. Rxc1 gxh3 44. Kh2 Qf4+ 45. g3 Qxa4 46. Kxh3 Qg4+
47. Kh2 Qh5+ 48. Kg2 Qe2+ 49. Kh1 Qd2 50. Ra1 Kg5 51. Raf1 Qe3 52. Rc1 Kg4 53.
Rxc2 Qe4+ 54. Rgg2 Kh3 55. Rce2 Qb1+ 56. Rg1 Qb7+ 57. Rgg2 Qb1+ 58. Rg1 1/2-1/2

[Event "9. Longericher Sommer-Open"]
[Site "9. Longericher Sommer-Open"]
[Date "2012.08.05"]
[Round "4.8"]
[White "Vranidis, Athanassios"]
[Black "Gülsen, Taylan"]
[Result "0-1"]
[WhiteElo "1745"]
[BlackElo "1975"]
[PlyCount "40"]
[EventDate "2012.??.??"]
[WhiteTeam "SG Solingen e.V."]
[BlackTeam "SG Niederkassel"]

1. d4 d5 2. c4 c6 3. Nf3 e6 4. Nc3 dxc4 5. a4 Bb4 6. e3 b5 7. Bd2 a5 8. axb5
Bxc3 9. Bxc3 cxb5 10. b3 Bb7 11. bxc4 b4 12. Bb2 Nf6 13. Qa4+ Bc6 14. Qb3 Nbd7
15. d5 exd5 16. Rd1 Nc5 17. Qa2 O-O 18. Bxf6 Qxf6 19. cxd5 Bb7 20. Nd4 Ne4 0-1

[Event "9. Longericher Sommer-Open"]
[Site "9. Longericher Sommer-Open"]
[Date "2012.08.05"]
[Round "4.9"]
[White "Martino-Groß, Peter"]
[Black "de Vivie, Achim"]
[Result "1-0"]
[WhiteElo "1972"]
[BlackElo "1727"]
[PlyCount "51"]
[EventDate "2012.??.??"]
[WhiteTeam "Ohligser Turnverein 1888 e.V."]
[BlackTeam "SF Köln-Longerich 195"]

1. c4 e5 2. Nc3 Nc6 3. Nf3 g6 4. g3 Bg7 5. Bg2 Nge7 6. O-O O-O 7. d3 d6 8. Bd2
f5 9. Qc1 Be6 10. Rb1 Rb8 11. b4 a6 12. a4 Bd7 13. Bg5 Bf6 14. Bxf6 Rxf6 15. e3
Qc8 16. b5 axb5 17. axb5 Nd8 18. Ra1 c6 19. Qa3 f4 20. Nxe5 Bh3 21. Ne4 Rf8 22.
Nxd6 Qe6 23. exf4 Bxg2 24. Kxg2 cxb5 25. Nxb5 Ndc6 26. Rfe1 1-0

[Event "9. Longericher Sommer-Open"]
[Site "9. Longericher Sommer-Open"]
[Date "2012.08.05"]
[Round "4.10"]
[White "Dijkhuis, Sven"]
[Black "Spilles, Matthias"]
[Result "0-1"]
[WhiteElo "1724"]
[BlackElo "1971"]
[PlyCount "96"]
[EventDate "2012.??.??"]
[WhiteTeam "Schaakclub Utrecht"]
[BlackTeam "Brühler SK 1920 e.V."]

1. e4 e6 2. d4 d5 3. Nd2 Be7 4. Bd3 c5 5. dxc5 Nf6 6. exd5 Qxd5 7. Ngf3 Nbd7 8.
Nb3 a5 9. O-O a4 10. Nbd4 Nxc5 11. Nb5 Qd8 12. Be3 Nxd3 13. Qxd3 Qxd3 14. cxd3
Nd5 15. Rac1 Bd7 16. Nbd4 Bd6 17. Nd2 O-O 18. Nc4 Bc7 19. Nf3 f6 20. Nfd2 b5
21. Na3 Ba5 22. Ne4 Rfc8 23. Nc5 Nxe3 24. fxe3 Bd2 25. Kf2 Bxc1 26. Rxc1 b4 27.
Nb1 Ra5 28. d4 e5 29. Nd2 Be6 30. a3 bxa3 31. bxa3 Rb5 32. Nde4 Rb2+ 33. Ke1
Rxg2 34. Nd6 Rc6 35. Nb5 Rxh2 36. Na7 Rh1+ 37. Kd2 Rxc1 38. Nxc6 Rxc5 39. dxc5
Kf7 40. e4 h5 41. Na7 h4 42. Ke3 Ke7 43. Nc6+ Kd7 44. Nb4 g5 45. Kf2 g4 46. Kg2
f5 47. c6+ Kd6 48. exf5 Bxf5 0-1

[Event "9. Longericher Sommer-Open"]
[Site "9. Longericher Sommer-Open"]
[Date "2012.08.05"]
[Round "4.11"]
[White "Karwatzki, Hans-Jürgen"]
[Black "Lambertz, Michael"]
[Result "1-0"]
[WhiteElo "1619"]
[BlackElo "1955"]
[PlyCount "93"]
[EventDate "2012.??.??"]
[WhiteTeam "Vereinigung der Schachsportfreun"]
[BlackTeam "SF Esch e.V."]

1. e4 e6 2. d4 d5 3. e5 c5 4. c3 Nc6 5. Nf3 Qb6 6. Be2 cxd4 7. cxd4 Nh6 8. Na3
Bxa3 9. bxa3 Nf5 10. Be3 Qa5+ 11. Bd2 Qxa3 12. O-O O-O 13. Bf4 Bd7 14. g4 Nfe7
15. h4 f6 16. Rb1 fxe5 17. Rb3 Qa4 18. Bxe5 Na5 19. Bd6 Rfe8 20. Bd3 Nxb3 21.
Bxh7+ Kxh7 22. Ng5+ Kg8 23. Qd3 g6 24. axb3 Qa6 25. Qg3 Qe2 26. Kg2 e5 27. Nf3
Nc6 28. Re1 Qc2 29. dxe5 Be6 30. h5 d4 31. Qf4 Bd5 32. Qh6 Qd3 $2 (32... Bxf3+
33. Kxf3 Rf8+ 34. Bxf8 Rxf8+ $19) 33. Re3 $3 dxe3 34. hxg6 Re7 35. Bxe7 Nxe7
36. Qh7+ Kf8 37. g7+ Ke8 38. Qxd3 e2 39. Qxe2 Ng6 40. Kg3 Kf7 41. Ng5+ Kxg7 42.
f4 Rc8 43. Qd3 Bc6 44. Qd6 Nf8 45. Qe7+ Kg8 46. Qf7+ Kh8 47. e6 1-0

[Event "9. Longericher Sommer-Open"]
[Site "9. Longericher Sommer-Open"]
[Date "2012.08.05"]
[Round "4.12"]
[White "Freundlieb, Thomas"]
[Black "Begri, Felix"]
[Result "1-0"]
[WhiteElo "2055"]
[BlackElo "1775"]
[PlyCount "89"]
[EventDate "2012.??.??"]
[WhiteTeam "SV Bergneustadt/Dersch"]
[BlackTeam "Tischtennisclub Grün-Weiß Fritzd"]

1. d4 Nf6 2. Nf3 e6 3. e3 b6 4. Bd3 Bb7 5. Nbd2 c5 6. b3 Nc6 7. Bb2 Be7 8. O-O
O-O 9. a3 Qc7 10. c4 cxd4 11. exd4 d5 12. Rc1 Qf4 13. Qe2 Rfd8 14. Qe3 Qxe3 15.
fxe3 Rac8 16. c5 bxc5 17. dxc5 e5 18. Bf5 Rc7 19. b4 Ba6 20. Rfe1 g6 21. Bh3 e4
22. Ne5 Bc8 23. Bxc8 Rdxc8 24. Nxc6 Rxc6 25. Nb3 a6 26. Rcd1 Rd8 27. h3 Nh5 28.
g4 Ng7 29. Bxg7 Kxg7 30. Nd4 Rcc8 31. Re2 a5 32. Rc2 axb4 33. axb4 Bg5 34. Kf2
Ra8 35. c6 Ra3 36. b5 Bxe3+ 37. Kg2 Bxd4 38. Rxd4 e3 39. c7 Rc8 40. Rxd5 e2 41.
Kf2 Rxh3 42. Rd8 Rh2+ 43. Ke1 Rh1+ 44. Kxe2 Rh2+ 45. Kd3 1-0

[Event "9. Longericher Sommer-Open"]
[Site "9. Longericher Sommer-Open"]
[Date "2012.08.05"]
[Round "4.13"]
[White "Evers, Leo"]
[Black "Jordans, Ralph"]
[Result "1/2-1/2"]
[WhiteElo "2034"]
[BlackElo "1865"]
[PlyCount "105"]
[EventDate "2012.??.??"]
[WhiteTeam "SG Porz e.V."]
[BlackTeam "Ford-SF Köln e.V."]

1. d4 Nf6 2. c4 g6 3. Nc3 Bg7 4. e4 d6 5. f3 O-O 6. Be3 c5 7. dxc5 dxc5 8. Qxd8
Rxd8 9. Bxc5 Nc6 10. Nd5 Nd7 11. Nxe7+ Nxe7 12. Bxe7 Bxb2 13. Rb1 Bc3+ 14. Kd1
Re8 15. Ne2 Be5 16. Ba3 Nb6 17. Nc1 Be6 18. c5 Red8+ 19. Kc2 Rac8 20. Bb5 Bc4
21. Rd1 Rxd1 22. Kxd1 Rd8+ 23. Kc2 Bxb5 24. Rxb5 Nc4 25. Kb3 a6 26. Rb4 Na5+
27. Kc2 Rd7 28. Nd3 Bxh2 29. Bb2 Nc6 30. Ra4 Bg1 31. Bc3 Be3 32. Rc4 Kf8 33.
Ne5 Nxe5 34. Bxe5 Rd2+ 35. Kc3 Rxa2 36. Kd3 Bg1 37. Rb4 Ra5 38. Kc4 Rb5 39.
Rxb5 axb5+ 40. Kxb5 Ke7 41. Kb6 Kd8 42. Kb5 Kd7 43. Bf4 Bf2 44. Be5 Bg1 45. Bg3
Be3 46. Kb6 Kc8 47. Be1 Bd4 48. Ba5 Bf2 49. Kb5 Kd7 50. Bb6 Bg3 51. Ba5 Bf4 52.
Be1 Be3 53. Kb6 1/2-1/2

[Event "9. Longericher Sommer-Open"]
[Site "9. Longericher Sommer-Open"]
[Date "2012.08.05"]
[Round "4.14"]
[White "Gutt, Oswald"]
[Black "Schmidt, Kai-Uwe"]
[Result "0-1"]
[WhiteElo "1857"]
[BlackElo "1951"]
[PlyCount "72"]
[EventDate "2012.??.??"]
[WhiteTeam "Bergische SF 1923 Ber"]
[BlackTeam "Klub Kölner SF e.V. 1"]

1. d4 Nf6 2. c4 g6 3. Nc3 Bg7 4. Nf3 O-O 5. e4 d6 6. Be2 e5 7. O-O Nbd7 8. Re1
c6 9. Bf1 a5 10. d5 Nc5 11. Qc2 Bg4 12. Nd2 Qe7 13. f3 Bd7 14. Nb3 Nxb3 15.
Qxb3 c5 16. Nb5 Bc8 17. Bd2 Nh5 18. g3 f5 19. Bg2 Nf6 20. Rf1 h6 21. Rae1 f4
22. gxf4 Nh5 23. f5 gxf5 24. f4 fxe4 25. Bxe4 Qh4 26. f5 Nf4 27. Qg3 Qh5 28.
Rxf4 exf4 29. Bxf4 Bxf5 30. Bxf5 Qxf5 31. Bxh6 Qf6 32. Bxg7 Qxg7 33. Nxd6 Ra6
34. Qxg7+ Kxg7 35. Re7+ Kg8 36. Nxb7 Rg6+ 0-1

[Event "9. Longericher Sommer-Open"]
[Site "9. Longericher Sommer-Open"]
[Date "2012.08.05"]
[Round "4.15"]
[White "Heinemann, Josefine"]
[Black "Brecker, Hans-Jörg"]
[Result "1-0"]
[WhiteElo "1852"]
[BlackElo "1893"]
[PlyCount "163"]
[EventDate "2012.??.??"]
[WhiteTeam "SG Aufbau Elbe Magdeburg"]
[BlackTeam "SF Erkelenz 1959 e.V."]

1. e4 d5 2. exd5 Qxd5 3. Nc3 Qd6 4. d4 Nf6 5. Nf3 c6 6. Ne5 Bf5 7. Bc4 e6 8. g4
Bg6 9. Bf4 Qb4 10. Bb3 Ne4 11. a3 Nxc3 12. axb4 Nxd1 13. Kxd1 Bxb4 14. h4 Be4
15. f3 Bd5 16. c4 f6 17. cxd5 fxe5 18. Bxe5 exd5 19. Bxg7 Rg8 20. Be5 Nd7 21.
Rg1 Nxe5 22. dxe5 Bc5 23. Rf1 Bd4 24. Kc2 Ke7 25. g5 Raf8 26. f4 Rf5 27. Kd3
Bxb2 28. Rxa7 Bxe5 29. Rxb7+ Ke6 30. Rxh7 Rxf4 31. Rxf4 Bxf4 32. Rh6+ Ke5 33.
Rxc6 Rb8 34. Bd1 Rh8 35. Bg4 d4 36. Rc5+ Kd6 37. Rf5 Be3 38. h5 Ke7 39. h6 Bxg5
40. Rxg5 Rxh6 41. Bf3 Rd6 42. Rh5 Rf6 43. Be4 Rd6 44. Bd5 Rg6 45. Kxd4 Kd6 46.
Be4 Rf6 47. Ra5 Re6 48. Bd5 Rf6 49. Ra7 Rf4+ 50. Be4 Rf6 51. Rg7 Re6 52. Bf5
Rf6 53. Be4 Re6 54. Rg5 Rh6 55. Rd5+ Ke6 56. Rb5 Rf6 57. Bd5+ Kd6 58. Rb6+ Ke7
59. Rb7+ Kd6 60. Ke4 Rf1 61. Rb6+ Kc5 62. Rc6+ Kb4 63. Bc4 Re1+ 64. Kd4 Rd1+
65. Bd3 Ka5 66. Ra6+ Kb4 67. Rb6+ Ka5 68. Rb2 Rh1 69. Bc4 Rh8 70. Be6 Rh7 71.
Bd5 Rc7 72. Rb8 Ka6 73. Ke5 Ka7 74. Rb1 Rd7 75. Ke6 Rd8 76. Rb7+ Ka6 77. Bc6
Rd2 78. Rb1 Ka5 79. Bd5 Ka4 80. Kd6 Rh2 81. Kc5 Ka3 82. Ra1+ 1-0

[Event "9. Longericher Sommer-Open"]
[Site "9. Longericher Sommer-Open"]
[Date "2012.08.05"]
[Round "4.16"]
[White "Maczkowiak, Thomas"]
[Black "Boschek, Hans-Joachim"]
[Result "0-1"]
[WhiteElo "1843"]
[BlackElo "1867"]
[PlyCount "56"]
[EventDate "2012.??.??"]
[WhiteTeam "Märkischer Springer Halver-Schal"]
[BlackTeam "SV 1922 Hilden"]

1. Nf3 g6 2. g3 Bg7 3. Bg2 d6 4. O-O c5 5. c4 Nc6 6. Nc3 e6 7. b3 Nge7 8. Bb2
O-O 9. e3 e5 10. d3 h6 11. Ne1 Be6 12. Nd5 Qd7 13. Nc2 Bh3 14. Qd2 Bxg2 15.
Kxg2 f5 16. Bc3 Nxd5 17. cxd5 Ne7 18. e4 f4 19. f3 h5 20. b4 b6 21. bxc5 bxc5
22. Rab1 g5 23. Na3 Ng6 24. Qb2 g4 25. Qb7 gxf3+ 26. Rxf3 Qg4 27. Rff1 Nh4+ 28.
Kh1 fxg3 0-1

[Event "9. Longericher Sommer-Open"]
[Site "9. Longericher Sommer-Open"]
[Date "2012.08.05"]
[Round "4.18"]
[White "Florin, Jon"]
[Black "Arlt, Klaus"]
[Result "0-1"]
[WhiteElo "1815"]
[BlackElo "1954"]
[PlyCount "52"]
[EventDate "2012.??.??"]
[WhiteTeam "ASK Reti Zürich"]
[BlackTeam "SF Köln-Mülheim e.V."]

1. d4 d5 2. Nf3 Nf6 3. e3 c6 4. c4 e6 5. Bd3 Nbd7 6. Nbd2 Bd6 7. O-O O-O 8. e4
e5 9. dxe5 Nxe5 10. Nxe5 Bxe5 11. exd5 cxd5 12. cxd5 Qxd5 13. Nf3 Bg4 14. Be2
Bc7 15. Qxd5 Nxd5 16. Nd4 Bxe2 17. Nxe2 Rfe8 18. Ng3 Bb6 19. Bd2 g6 20. Rad1
Rad8 21. Rfe1 f5 22. a3 Kf7 23. Kf1 Rxe1+ 24. Kxe1 Nf6 25. f3 Nd5 26. Nf1 Re8+
0-1

[Event "9. Longericher Sommer-Open"]
[Site "9. Longericher Sommer-Open"]
[Date "2012.08.05"]
[Round "4.19"]
[White "Brandl, Lea Maria"]
[Black "Flüchter, Gregor"]
[Result "1/2-1/2"]
[WhiteElo "1796"]
[BlackElo "1934"]
[PlyCount "64"]
[EventDate "2012.??.??"]
[WhiteTeam "SV 1920 Hofheim"]
[BlackTeam "SF Brackel 1930 e.V."]

1. d4 d5 2. c4 c6 3. Nf3 Nf6 4. Nc3 dxc4 5. a4 e6 6. e3 Bb4 7. Bxc4 Nbd7 8. O-O
O-O 9. Qc2 Qc7 10. Bd3 e5 11. dxe5 Nxe5 12. Nxe5 Qxe5 13. f4 Qc5 14. Rf3 h6 15.
Kh1 Rd8 16. Bd2 Be6 17. e4 Bc4 18. Bxc4 Qxc4 19. e5 Nd5 20. f5 Bxc3 21. bxc3
Nb4 22. Qd1 Nd3 23. f6 Nxe5 24. Rg3 Ng6 25. fxg7 Qd5 26. Re3 Qxd2 27. Re8+ Kxg7
28. Qxd2 Rxd2 29. Rxa8 a6 30. h3 Rb2 31. Rd8 Nf4 32. Rg1 Ne2 1/2-1/2

[Event "9. Longericher Sommer-Open"]
[Site "9. Longericher Sommer-Open"]
[Date "2012.08.05"]
[Round "4.20"]
[White "Spradley, Julian"]
[Black "Andrä, Philipp"]
[Result "0-1"]
[WhiteElo "1924"]
[BlackElo "1789"]
[PlyCount "62"]
[EventDate "2012.??.??"]
[WhiteTeam "SV Erftstadt e.V."]
[BlackTeam "SG Solingen e.V."]

1. d4 d5 2. c4 e6 3. Nc3 Nf6 4. cxd5 exd5 5. Bg5 Be7 6. e3 c6 7. Bd3 Nbd7 8.
Nge2 O-O 9. O-O h6 10. Bh4 Re8 11. h3 a6 12. Bg3 c5 13. dxc5 Nxc5 14. Bc2 Nce4
15. Bh2 Bb4 16. Nxe4 Nxe4 17. a3 Bc5 18. b4 Bb6 19. Nd4 Qf6 20. Bb3 Nc3 21. Qd3
Bxd4 22. exd4 Ne2+ 23. Kh1 Bf5 24. Qd2 Nxd4 25. Bxd5 Rad8 26. Bxb7 Nb3 27. Qa2
Nxa1 28. Qxa1 Qb6 29. Bf3 Bd3 30. Re1 Qxf2 31. Rxe8+ Rxe8 0-1

[Event "9. Longericher Sommer-Open"]
[Site "9. Longericher Sommer-Open"]
[Date "2012.08.05"]
[Round "4.21"]
[White "Henrotte, Nils"]
[Black "Fieberg, Samuel"]
[Result "1/2-1/2"]
[WhiteElo "1885"]
[BlackElo "1745"]
[PlyCount "108"]
[EventDate "2012.??.??"]
[WhiteTeam "Eschweiler SC 1921 e.V."]
[BlackTeam "SG Porz e.V."]

1. c4 e5 2. Nc3 Nf6 3. g3 c6 4. d4 exd4 5. Qxd4 d5 6. Bg2 Be6 7. cxd5 Nxd5 8.
Nf3 c5 9. Qa4+ Qd7 10. Ng5 Nxc3 11. Qxd7+ Nxd7 12. Nxe6 fxe6 13. bxc3 O-O-O 14.
Rb1 b6 15. O-O g6 16. Bg5 Re8 17. Rfd1 Kc7 18. Bf4+ e5 19. Bg5 Bg7 20. e4 h6
21. Be3 h5 22. f3 Bh6 23. Bf2 Rd8 24. Rd5 Rhe8 25. Rbd1 Nf6 26. R5d3 Rxd3 27.
Rxd3 Rd8 28. Rxd8 Kxd8 29. Be1 c4 30. Kf2 Kd7 31. Bf1 b5 32. Ke2 Kd6 33. Bf2 a6
34. Ba7 Nd7 35. Bh3 Bg5 36. Kd1 a5 37. Kc2 Kc6 38. Be6 Be7 39. Bf7 Nf8 40. Bb8
Bd6 41. Be8+ Nd7 42. Bxd6 Kxd6 43. Bxg6 Nf6 44. a3 Kc5 45. h4 b4 46. axb4+ axb4
47. cxb4+ Kxb4 48. f4 exf4 49. gxf4 c3 50. e5 Nd5 51. e6 Kc5 52. Be4 Nc7 53. f5
Kd6 54. Kxc3 Nxe6 1/2-1/2